000
00303nam a2200145Ia 4500
100
_a
Borland
942
_c
BK
654
_a
Turbo C++
245
_a
Turbo C++ Programming Guide
260
_b
Borland International INC
_a
USA
082
_a
1.6
_b
Bor
300
_a
378
546
_a
ENGLISH
999
_c
34064
_d
34064